00593 2200193 4500001002100000005001500021035002000036007000300056008003900059082001700098084002400115100002600139245008800165260005200253300004100305650001100346600002900357022001300386INLIS00000000000130320250429110550 a0010-0425000035ta250429 | | |  a632.3-634.77 a632.3-634.77 JAI p0 aJaindra Nath Tripathi1 aPrecision genetics tools for genetic improvement of banana /cJaindra Nath Tripathi aUnited States :bJohn Wiley & Sons, Inc.,c2024 a1-15 hlm, :bIlus ;c21 cm x 29,7 cm 4aJurnal 4aperbaikan genetik pisang a19403372